[Event "35. Potsdamer Weihnachtsturnier"]
[Site "?"]
[Date "2010.12.29"]
[Round "6.1"]
[White "Hahlbohm, Matthias"]
[Black "Dauth, Benjamin"]
[Result "0-1"]
[WhiteElo "2076"]
[BlackElo "2329"]
[PlyCount "90"]
[EventDate "2010.??.??"]
[WhiteTeam "TSG Oberschöneweide e.V."]
[BlackTeam "SC Rotation Pankow e.V."]

1. e4 c5 2. Nf3 d6 3. d4 cxd4 4. Nxd4 Nf6 5. Nc3 a6 6. Be2 e5 7. Nb3 Be6 8. Bf3
Be7 9. O-O O-O 10. Qe2 b5 11. a3 Bc4 12. Qe1 Bxf1 13. Qxf1 Nbd7 14. Be3 Nc5 15.
Nd2 Qb8 16. g4 Rc8 17. g5 Nfd7 18. Bg4 Ne6 19. Nd5 Bd8 20. Qh3 Ndf8 21. c3 Rc6
22. Kh1 Nxg5 23. Qh5 Nge6 24. Rg1 Qb7 25. Qh3 Qd7 26. Bh6 Ng6 27. Nf3 Qe8 28.
Be3 Rb8 29. Bf5 a5 30. Qg4 Kh8 31. Bg5 Qf8 32. Qh3 Bxg5 33. Nxg5 Nxg5 34. Rxg5
b4 35. axb4 axb4 36. cxb4 Rc1+ 37. Kg2 Rc2 38. Qb3 Qd8 39. Rg4 Rd2 40. Bxg6
fxg6 41. Qc3 Rd4 42. Qh3 Qd7 43. Qh4 Qf7 44. Ne7 Re8 45. Nd5 Rf8 0-1

[Event "35. Potsdamer Weihnachtsturnier"]
[Site "?"]
[Date "2010.12.29"]
[Round "6.2"]
[White "Schirrmacher, Carsten"]
[Black "Kalinitschew, Sergey"]
[Result "0-1"]
[WhiteElo "2060"]
[BlackElo "2436"]
[PlyCount "70"]
[EventDate "2010.??.??"]
[WhiteTeam "SC Zitadelle Spandau 1977 e.V."]
[BlackTeam "SC Kreuzberg e.V."]

1. d4 e6 2. e4 d5 3. Nc3 Nf6 4. Bg5 dxe4 5. Nxe4 Nbd7 6. Nf3 h6 7. Bxf6 Nxf6 8.
Bd3 Bd6 9. Qe2 Bd7 10. O-O-O Qe7 11. Rhe1 O-O-O 12. Ne5 Bxe5 13. dxe5 Nd5 14.
g3 Nb4 15. a3 Nxd3+ 16. Rxd3 Bc6 17. Red1 Rxd3 18. Qxd3 Bd5 19. Qd4 b6 20. Qa4
Kb7 21. Nc3 Bc6 22. Qg4 Qg5+ 23. Qxg5 hxg5 24. Kd2 Rxh2 25. Ke3 g4 26. Rd4 Rh5
27. Rxg4 Rxe5+ 28. Kd4 Rf5 29. f4 g6 30. Rh4 f6 31. Rg4 g5 32. fxg5 Bf3 33. Rf4
e5+ 34. Ke3 exf4+ 35. Kxf3 fxg3+ 0-1

[Event "35. Potsdamer Weihnachtsturnier"]
[Site "?"]
[Date "2010.12.29"]
[Round "6.3"]
[White "Cremer, Jan Paul"]
[Black "Grottke, Hans-Joachim"]
[Result "1/2-1/2"]
[WhiteElo "2003"]
[BlackElo "2223"]
[PlyCount "36"]
[EventDate "2010.??.??"]
[WhiteTeam "Schachpinguine Berlin e.V."]
[BlackTeam "SC Empor Potsdam 1952 e.V."]

1. e4 e6 2. d4 d5 3. Nc3 Bb4 4. e5 c5 5. a3 Bxc3+ 6. bxc3 Qc7 7. Qg4 f5 8. Qg3
cxd4 9. cxd4 Nc6 10. Nf3 Nge7 11. Bd2 O-O 12. Bd3 Bd7 13. O-O Be8 14. c3 Na5
15. Ng5 Qd7 16. Rab1 Nc4 17. Bc1 Bg6 18. Nh3 b6 1/2-1/2

[Event "35. Potsdamer Weihnachtsturnier"]
[Site "?"]
[Date "2010.12.29"]
[Round "6.4"]
[White "Lenz, Tobias"]
[Black "Pueschel, Werner"]
[Result "1/2-1/2"]
[WhiteElo "1955"]
[BlackElo "2173"]
[PlyCount "48"]
[EventDate "2010.??.??"]
[WhiteTeam "BSG Pneumant Fürstenwalde e.V."]
[BlackTeam "SG Lasker Steglitz-Wilmersdorf"]

1. e4 c5 2. Nf3 e6 3. c3 b6 4. d4 cxd4 5. cxd4 Nf6 6. Bd3 Bb7 7. Qe2 Bb4+ 8.
Bd2 Bxd2+ 9. Nbxd2 d5 10. e5 Nfd7 11. O-O Nc6 12. a3 a5 13. Rfc1 O-O 14. Bb5
Ndb8 15. Rc2 Na7 16. Bd3 Qe7 17. Rac1 Rc8 18. Nb1 g6 19. Nc3 Nd7 20. Nb5 Rxc2
21. Rxc2 Nxb5 22. Bxb5 Nb8 23. Qe3 Ba6 24. Bxa6 Nxa6 1/2-1/2

[Event "35. Potsdamer Weihnachtsturnier"]
[Site "?"]
[Date "2010.12.29"]
[Round "6.5"]
[White "Hein, Carsten"]
[Black "Hahn, Thomas"]
[Result "1-0"]
[WhiteElo "2171"]
[BlackElo "1843"]
[PlyCount "57"]
[EventDate "2010.??.??"]
[WhiteTeam "SC Empor Potsdam 1952 e.V."]
[BlackTeam "SC Empor Potsdam 1952 e.V."]

1. e4 d5 2. exd5 Qxd5 3. Nc3 Qa5 4. Nf3 Nf6 5. d3 Bg4 6. h3 Bh5 7. g4 Bg6 8.
Bg2 c6 9. Bd2 e6 10. a3 Nbd7 11. b4 Qc7 12. Qe2 Bd6 13. b5 c5 14. O-O O-O 15.
Ne4 Bf4 16. Nxf6+ Nxf6 17. Bxf4 Qxf4 18. Ne5 Rab8 19. a4 Kh8 20. a5 Be4 21.
Nxf7+ Rxf7 22. dxe4 h6 23. Ra3 Rd8 24. e5 Rd2 25. Qe1 Qd4 26. exf6 Rxf6 27. Rf3
Rg6 28. Rf8+ Kh7 29. Be4 1-0

[Event "35. Potsdamer Weihnachtsturnier"]
[Site "?"]
[Date "2010.12.29"]
[Round "6.6"]
[White "Scholz, Robert"]
[Black "Allgaier, Erik"]
[Result "1-0"]
[WhiteElo "1876"]
[BlackElo "2074"]
[PlyCount "113"]
[EventDate "2010.??.??"]
[WhiteTeam "USV Potsdam e.V., Abt. Schach"]
[BlackTeam "BVG Helmholtz"]

1. c4 g6 2. Nc3 Bg7 3. g3 e5 4. Bg2 Nc6 5. d3 d6 6. Rb1 f5 7. e3 Nf6 8. Nge2
O-O 9. Nd5 Nh5 10. b4 Ne7 11. O-O c6 12. Nxe7+ Qxe7 13. b5 Bd7 14. Nc3 Nf6 15.
Ba3 Rfd8 16. Qb3 Kh8 17. Rfc1 e4 18. d4 c5 19. Bb2 Be6 20. b6 a6 21. Na4 Rac8
22. dxc5 dxc5 23. Rd1 Bd7 24. Ba3 Bxa4 25. Qxa4 Ng4 26. Bf1 Bf8 27. Be2 Ne5 28.
Rd5 Rxd5 29. cxd5 Qd6 30. Qb3 Kg7 31. Rc1 Be7 32. Bxa6 bxa6 33. b7 Rb8 34. Rxc5
Qd7 35. Bb2 Bf6 36. d6 Rxb7 37. Qxb7 Qxb7 38. Rc7+ Qxc7 39. dxc7 Nf3+ 40. Kg2
Bxb2 41. c8=Q Kh6 42. Qxa6 Bc3 43. a4 Ne1+ 44. Kh3 Nd3 45. Kg2 Ne1+ 46. Kf1 Nf3
47. h3 Nd2+ 48. Kg2 Nf3 49. Qc8 Ne1+ 50. Kf1 Bb4 51. g4 fxg4 52. Qxg4 Nf3 53.
Kg2 Ne1+ 54. Kh1 Nd3 55. Kg1 Be1 56. Qxe4 Nxf2 57. Qf4+ 1-0

[Event "35. Potsdamer Weihnachtsturnier"]
[Site "?"]
[Date "2010.12.29"]
[Round "6.7"]
[White "Von Herman, Ulf"]
[Black "Scheide, Helmut"]
[Result "1-0"]
[WhiteElo "2404"]
[BlackElo "1965"]
[PlyCount "33"]
[EventDate "2010.??.??"]
[WhiteTeam "SK König Tegel 1949 e.V."]
[BlackTeam "USV Potsdam e.V., Abt. Schach"]

1. d4 Nf6 2. c4 e6 3. Nf3 d5 4. Nc3 Bb4 5. Bg5 c5 6. dxc5 Bxc3+ 7. bxc3 Nc6 8.
cxd5 exd5 9. e3 h6 10. Bh4 g5 11. Bg3 Qa5 12. Rc1 Qxc5 13. Nd4 Bd7 14. Nxc6
Qxc6 15. Be5 Rc8 16. Qd4 Ke7 17. Bb5 1-0

[Event "35. Potsdamer Weihnachtsturnier"]
[Site "?"]
[Date "2010.12.29"]
[Round "6.8"]
[White "Rietze, Clemens"]
[Black "Mueller, Klaus"]
[Result "1-0"]
[WhiteElo "2235"]
[BlackElo "2002"]
[PlyCount "99"]
[EventDate "2010.??.??"]
[WhiteTeam "USV Potsdam e.V., Abt. Schach"]
[BlackTeam "SG Lok Brandenburg, Abt. Schach"]

1. e4 e5 2. Nf3 Nc6 3. Bb5 a6 4. Ba4 Nf6 5. O-O b5 6. Bb3 Be7 7. Re1 O-O 8. h3
d6 9. c3 Nb8 10. d4 Nbd7 11. Nbd2 Bb7 12. Bc2 Re8 13. Nf1 Bf8 14. Ng3 g6 15. a4
c6 16. Nh2 Qc7 17. f4 Bg7 18. Qf3 c5 19. fxe5 dxe5 20. d5 Qd6 21. Bg5 Rf8 22.
Ngf1 Ne8 23. Ne3 f6 24. Bh4 c4 25. Bf2 Qb8 26. h4 Nd6 27. h5 Qe8 28. hxg6 hxg6
29. Qg4 Qf7 30. Nf3 f5 31. exf5 gxf5 32. Qh3 Ne4 33. Nxf5 Qxf5 34. Qxf5 Rxf5
35. Bxe4 Rff8 36. axb5 axb5 37. Rxa8 Rxa8 38. Bf5 Nf8 39. d6 Rd8 40. Rd1 Bf6
41. Bb6 Ra8 42. d7 e4 43. Nd4 Bd8 44. Bxd8 Rxd8 45. Nxb5 Bc6 46. Nd6 Bxd7 47.
Nxc4 Rc8 48. Ne3 Bxf5 49. Nxf5 Ne6 50. Ne7+ 1-0

[Event "35. Potsdamer Weihnachtsturnier"]
[Site "?"]
[Date "2010.12.29"]
[Round "6.9"]
[White "Schmidt, Joerg"]
[Black "Segerberg, Tomas"]
[Result "1/2-1/2"]
[WhiteElo "2125"]
[BlackElo "1954"]
[PlyCount "41"]
[EventDate "2010.??.??"]
[WhiteTeam "SV Aufbau Bernburg"]
[BlackTeam "SG Narva Berlin e.V."]

1. e4 e6 2. d4 d5 3. Nc3 Bb4 4. e5 c5 5. Qg4 Ne7 6. Nf3 Nf5 7. Bb5+ Bd7 8. O-O
h5 9. Qf4 Bxb5 10. Nxb5 a6 11. Nc3 Nc6 12. Ne2 cxd4 13. Nexd4 Ncxd4 14. Nxd4
Nxd4 15. Qxd4 Qe7 16. Be3 Rc8 17. Qd3 Qc7 18. c3 Bc5 19. Rfe1 Be7 20. Bd4 g6
21. h3 1/2-1/2

[Event "35. Potsdamer Weihnachtsturnier"]
[Site "?"]
[Date "2010.12.29"]
[Round "6.10"]
[White "Wiezer, Siegfried"]
[Black "Schaefer, Heiko"]
[Result "1/2-1/2"]
[WhiteElo "2014"]
[BlackElo "2124"]
[PlyCount "99"]
[EventDate "2010.??.??"]
[WhiteTeam "SV Königsjäger Süd-West e.V."]
[BlackTeam "Potsdamer SV Mitte e.V."]

1. Nf3 e6 2. d4 f5 3. Bg5 Be7 4. h4 Nf6 5. Nc3 d5 6. Ne5 Nbd7 7. f4 Nxe5 8.
fxe5 Ng4 9. Qd2 Bd7 10. Qf4 h6 11. Bxe7 Qxe7 12. h5 O-O-O 13. e3 Qg5 14. Nd1
Be8 15. c4 c6 16. Be2 Bxh5 17. Rc1 Kb8 18. cxd5 cxd5 19. Rc3 Qxf4 20. exf4 Bf7
21. Bxg4 fxg4 22. Ne3 h5 23. g3 Bg6 24. Kd2 Rc8 25. Rhc1 Rxc3 26. Rxc3 Rc8 27.
Rxc8+ Kxc8 28. Nd1 Be8 29. Ne3 g6 30. Ng2 Kd8 31. Nh4 Ke7 32. Kc3 Kf7 33. Kb4
b6 34. Kc3 Kg7 35. b4 Kh6 36. Kb3 Bb5 37. a4 Bc4+ 38. Ka3 g5 39. fxg5+ Kxg5 40.
a5 bxa5 41. bxa5 Bf1 42. Kb4 Kh6 43. Kc3 Kg7 44. Kd2 Kf7 45. Ke3 Kg7 46. Kf4
Kh6 47. Ke3 Bc4 48. Kf4 Bd3 49. Ke3 Be4 50. Kf4 1/2-1/2

[Event "35. Potsdamer Weihnachtsturnier"]
[Site "?"]
[Date "2010.12.29"]
[Round "6.11"]
[White "Bauer, Mirko"]
[Black "Koenig, Marco"]
[Result "0-1"]
[WhiteElo "1691"]
[BlackElo "2093"]
[PlyCount "102"]
[EventDate "2010.??.??"]
[WhiteTeam "SAV Torgelow"]
[BlackTeam "Burger SK Schwarz-Weiß"]

1. d4 d5 2. c4 e6 3. cxd5 exd5 4. Nc3 Nf6 5. Bg5 Be7 6. e3 O-O 7. Bd3 c6 8. Qc2
Nbd7 9. Nf3 Re8 10. O-O h6 11. Bf4 Nf8 12. Rab1 Bd6 13. Bg3 Qe7 14. Bxd6 Qxd6
15. b4 Ne6 16. b5 c5 17. dxc5 Nxc5 18. Be2 b6 19. Rfd1 Bb7 20. Nd4 Rac8 21. Qb2
Nce4 22. Nxe4 Nxe4 23. Rbc1 Qf6 24. Bf3 a5 25. Bxe4 dxe4 26. h3 Rc5 27. Qe2
Rec8 28. Nb3 Rxc1 29. Rxc1 Rxc1+ 30. Nxc1 Qc3 31. Qd1 Qc4 32. Qd8+ Kh7 33. Nb3
Qxb5 34. Nd4 Qb1+ 35. Kh2 Qxa2 36. Qxb6 Qd5 37. Qb2 a4 38. Qa3 Qc4 39. h4 Bd5
40. h5 Qa2 41. Qf8 Qxf2 42. Qd8 Bb3 43. Qa5 Bd1 44. Nf3 Qc2 45. Qf5+ Kg8 46.
Ne5 Qc7 47. Qxe4 Bxh5 48. Kg1 a3 49. Qd5 Qc1+ 50. Kh2 Qc7 51. Kg1 a2 0-1

[Event "35. Potsdamer Weihnachtsturnier"]
[Site "?"]
[Date "2010.12.29"]
[Round "6.12"]
[White "Schrodt, Sebastian"]
[Black "Galkin, Wladislaw"]
[Result "0-1"]
[WhiteElo "2085"]
[BlackElo "1924"]
[PlyCount "98"]
[EventDate "2010.??.??"]
[WhiteTeam "BSV 63 Chemie Weißensee"]
[BlackTeam "SC Ladja Roßdorf"]

1. Nf3 d5 2. c4 e6 3. g3 Nf6 4. Bg2 c6 5. cxd5 exd5 6. O-O Bd6 7. d3 O-O 8.
Nbd2 Re8 9. Re1 Qb6 10. Qb3 Bf5 11. Qxb6 axb6 12. b3 Na6 13. Bb2 Nb4 14. Bxf6
gxf6 15. Nd4 Bg4 16. a3 Be5 17. axb4 Rxa1 18. Rxa1 Bxd4 19. Ra7 Rxe2 20. Bf3
Rxf2 21. Bxg4 Rxd2+ 22. Kf1 Rxd3 23. Rxb7 Rxb3 24. Bd7 Rc3 25. Rc7 c5 26. bxc5
Rxc5 27. Rxc5 Bxc5 28. g4 Kf8 29. Bc6 f5 30. gxf5 d4 31. Ke2 Kg7 32. Kd3 Kf6
33. Be8 Kg7 34. Ke4 Kf6 35. Bb5 Kg5 36. Ke5 f6+ 37. Ke6 h5 38. Be2 h4 39. h3
Kf4 40. Kxf6 Ke3 41. Bd1 d3 42. Kg5 Be7+ 43. f6 Bd8 44. Kf5 Kd2 45. f7 Be7 46.
Ke6 Ba3 47. Ba4 Ke1 48. Kf5 d2 49. Kg4 Be7 0-1

[Event "35. Potsdamer Weihnachtsturnier"]
[Site "?"]
[Date "2010.12.29"]
[Round "6.13"]
[White "Rennhack, Peer"]
[Black "Bauer, Norbert"]
[Result "0-1"]
[WhiteElo "1935"]
[BlackElo "2082"]
[PlyCount "90"]
[EventDate "2010.??.??"]
[WhiteTeam "Sabt Frankfurter TV 1860"]
[BlackTeam "SAV Torgelow"]

1. e4 c5 2. c3 Nf6 3. e5 Nd5 4. d4 cxd4 5. cxd4 Nc6 6. Nf3 d6 7. Bc4 e6 8. O-O
Nb6 9. Bb5 Bd7 10. Nc3 d5 11. Ng5 Qe7 12. a4 h6 13. Nf3 a6 14. Bxc6 Bxc6 15. b3
f5 16. Ba3 Qxa3 17. Rxa3 Bxa3 18. Nh4 g5 19. a5 Nd7 20. Qh5+ Kd8 21. Ng6 Rh7
22. h4 g4 23. f3 g3 24. f4 Nf8 25. Nxf8 Bxf8 26. Qg6 Re7 27. Qxg3 Rg7 28. Qe3
Be7 29. Qh3 Kd7 30. Na4 Rag8 31. Rf3 Rg4 32. Rc3 Rxh4 33. Nc5+ Bxc5 34. dxc5
Rxh3 35. Rxh3 d4 36. g3 Bd5 37. b4 Kc6 38. Kf2 Kb5 39. Rxh6 Kxb4 40. c6 bxc6
41. Rh7 Kc3 42. Ra7 d3 43. Rxa6 d2 44. Ke2 Bc4+ 45. Kd1 Bb3+ 0-1

[Event "35. Potsdamer Weihnachtsturnier"]
[Site "?"]
[Date "2010.12.29"]
[Round "6.14"]
[White "Richter, Hans-Peter"]
[Black "Cusnariov, Nicolai"]
[Result "0-1"]
[WhiteElo "1946"]
[BlackElo "2167"]
[PlyCount "122"]
[EventDate "2010.??.??"]
[WhiteTeam "SC Empor Potsdam 1952 e.V."]
[BlackTeam "USV Potsdam e.V., Abt. Schach"]

1. d4 c5 2. Nf3 cxd4 3. Nxd4 d5 4. Bf4 Nc6 5. Nxc6 bxc6 6. c4 e6 7. Qc2 Nf6 8.
Nd2 Be7 9. h3 O-O 10. g4 Bd6 11. Bxd6 Qxd6 12. Bg2 a5 13. O-O Rb8 14. Rfe1 e5
15. Rad1 Qe7 16. e3 Be6 17. Rb1 Rfc8 18. Nf3 Nd7 19. Rec1 Qd8 20. Qc3 f6 21.
Qc2 Nb6 22. Nd2 Bf7 23. Bf1 Nd7 24. e4 d4 25. c5 Bxa2 26. Ra1 Be6 27. Ba6 Rc7
28. Bc4 Qe7 29. Rxa5 Rcb7 30. b3 Rb4 31. Bf1 h5 32. gxh5 Qf7 33. Qd1 f5 34. Qf3
fxe4 35. Qxf7+ Bxf7 36. Nxe4 Bxb3 37. Ra7 Nf8 38. h6 gxh6 39. Nf6+ Kh8 40. Re1
R4b7 41. Rxb7 Rxb7 42. Rxe5 Rg7+ 43. Ng4 Rg5 44. Re8 Kg8 45. Kh2 Rxc5 46. Ne5
Kg7 47. f4 Ne6 48. Re7+ Kf8 49. Rb7 Rc2+ 50. Kg3 Bd5 51. f5 Nc5 52. Ng6+ Ke8
53. Re7+ Kd8 54. f6 d3 55. f7 Bxf7 56. Rxf7 d2 57. Be2 Rc1 58. Ne5 d1=Q 59.
Bxd1 Rxd1 60. Nxc6+ Ke8 61. Rh7 Rd6 {ZÜ} 0-1

[Event "35. Potsdamer Weihnachtsturnier"]
[Site "?"]
[Date "2010.12.29"]
[Round "6.15"]
[White "Witt, Ronald"]
[Black "Große, Michael"]
[Result "0-1"]
[WhiteElo "2099"]
[BlackElo "1901"]
[PlyCount "96"]
[EventDate "2010.??.??"]
[WhiteTeam "Schachfreunde Zehdenick 76 e.V."]
[BlackTeam "SC Empor Potsdam 1952 e.V."]

1. e4 c5 2. c3 e6 3. d4 d5 4. exd5 exd5 5. Be3 cxd4 6. Bxd4 Nf6 7. Nf3 Be7 8.
Bd3 Nc6 9. Nbd2 Nxd4 10. Nxd4 O-O 11. O-O a6 12. h3 Bc5 13. N2b3 Ba7 14. Re1
Re8 15. Qf3 Bd7 16. Rxe8+ Qxe8 17. Nd2 Qe5 18. Qe3 Qc7 19. N2f3 Re8 20. Qg5 h6
21. Qh4 Bb8 22. Bf5 Re4 23. g4 Bxf5 24. Nxf5 Qf4 25. Qg3 Qxg3+ 26. Nxg3 Bxg3
27. fxg3 Re2 28. Rb1 Ne4 29. Nd4 Rd2 30. Nf3 Rd3 31. Kg2 Rxf3 32. Kxf3 Nd2+ 33.
Ke3 Nxb1 34. Kd3 Kf8 35. Kc2 Nxc3 36. Kxc3 Ke7 37. Kd4 Kd6 38. h4 g5 39. hxg5
hxg5 40. b4 b5 41. Kc3 Ke5 42. Kd3 d4 43. a3 Kd5 44. Kd2 Ke4 45. Ke2 d3+ 46.
Kd1 Ke3 47. Ke1 d2+ 48. Kd1 f6 0-1

[Event "35. Potsdamer Weihnachtsturnier"]
[Site "?"]
[Date "2010.12.29"]
[Round "6.16"]
[White "Muehlhan, Klaus"]
[Black "Eichstaedt, Mirko"]
[Result "1-0"]
[WhiteElo "1971"]
[BlackElo "1855"]
[PlyCount "95"]
[EventDate "2010.??.??"]
[WhiteTeam "SC Empor Potsdam 1952 e.V."]
[BlackTeam "USV Potsdam e.V., Abt. Schach"]

1. e4 e5 2. Nf3 Nf6 3. Nxe5 d6 4. Nf3 Nxe4 5. d4 d5 6. Bd3 Nc6 7. O-O Be7 8. a3
O-O 9. c4 f5 10. cxd5 Qxd5 11. Nc3 Nxc3 12. bxc3 Bf6 13. Rb1 b6 14. Bf4 Qd7 15.
Bb5 a6 16. Ba4 b5 17. Bb3+ Kh8 18. Re1 Ne7 19. Ne5 Qe8 20. Qf3 Ra7 21. d5 Bb7
22. Qe3 Qa8 23. Qc5 Nxd5 24. Bxd5 Bxd5 25. Nd7 Rf7 26. Nxf6 Rxf6 27. Be3 Rg6
28. Qxa7 Rxg2+ 29. Kf1 Bc4+ 30. Re2 Bxe2+ 31. Kxe2 Qg8 32. Rd1 Qc4+ 33. Rd3
Qg4+ 34. Kd2 h5 35. Qa8+ Kh7 36. Rd4 Qg6 37. Rd8 Qe6 38. Rh8+ Kg6 39. Qxg2+ Kf7
40. Rd8 Qa2+ 41. Kd1 Qb3+ 42. Ke2 Qa2+ 43. Rd2 Qc4+ 44. Rd3 Qa2+ 45. Bd2 Qe6+
46. Kf1 c6 47. Qf3 g6 48. Qe3 1-0

[Event "35. Potsdamer Weihnachtsturnier"]
[Site "?"]
[Date "2010.12.29"]
[Round "6.17"]
[White "Rosenau, Sven"]
[Black "Schlueter, Bernd"]
[Result "1/2-1/2"]
[WhiteElo "1945"]
[BlackElo "2004"]
[PlyCount "65"]
[EventDate "2010.??.??"]
[WhiteTeam "SC Iffezheim"]
[BlackTeam "SV Rochade Potsdam-West e.V."]

1. d4 Nf6 2. Nf3 g6 3. c3 Bg7 4. g3 O-O 5. Bg2 d6 6. O-O Nc6 7. Nbd2 e5 8. Nb3
a5 9. dxe5 dxe5 10. Be3 a4 11. Nbd2 Qe7 12. h3 Nd5 13. Kh2 Nxe3 14. fxe3 Be6
15. Qc2 f5 16. b4 axb3 17. axb3 e4 18. Nd4 Bf7 19. g4 fxg4 20. Qxe4 Qxe4 21.
Bxe4 gxh3 22. Kxh3 Bh6 23. Nc4 Bxc4 24. bxc4 Rxa1 25. Rxa1 Nxd4 26. exd4 b6 27.
Ra7 Bd2 28. Rxc7 Bxc3 29. c5 Bxd4 30. cxb6 Bxb6 31. Rb7 Be3 32. Re7 Bg5 33. Ra7
1/2-1/2

[Event "35. Potsdamer Weihnachtsturnier"]
[Site "?"]
[Date "2010.12.29"]
[Round "6.18"]
[White "Krefenstein, Sergej"]
[Black "Binder, Thomas"]
[Result "1-0"]
[WhiteElo "1998"]
[BlackElo "1885"]
[PlyCount "67"]
[EventDate "2010.??.??"]
[WhiteTeam "ohne Verein"]
[BlackTeam "SF Siemensstadt"]

1. e4 d5 2. exd5 Nf6 3. Nc3 Nxd5 4. Bc4 Nb6 5. Bb3 N8d7 6. d3 Nf6 7. Nf3 Bf5 8.
Ne5 e6 9. Qf3 Bg6 10. Qxb7 Bd6 11. Qc6+ Nfd7 12. Bf4 Bxe5 13. Bxe5 O-O 14. Qxc7
Qg5 15. Bg3 Rfc8 16. Qf4 Qc5 17. O-O Nf6 18. Rfe1 Nh5 19. Qe3 Qc6 20. Rad1 Nxg3
21. Qxg3 a5 22. a4 Nd7 23. Bc4 Nc5 24. Bb5 Qb6 25. Qe3 Qd6 26. Rd2 Rab8 27.
Red1 Nd7 28. Ne4 Qe7 29. Qa7 Rd8 30. Qxa5 Nb6 31. c4 Qb7 32. Qc3 Bxe4 33. dxe4
Rdc8 34. a5 1-0

[Event "35. Potsdamer Weihnachtsturnier"]
[Site "?"]
[Date "2010.12.29"]
[Round "6.19"]
[White "Roth, Joachim"]
[Black "Kuckel, Andreas"]
[Result "1-0"]
[WhiteElo "1892"]
[BlackElo "1985"]
[PlyCount "67"]
[EventDate "2010.??.??"]
[WhiteTeam "FV Bund"]
[BlackTeam "SV Motor Wildau e.V."]

1. d4 d5 2. Nf3 e6 3. e3 Bd6 4. Nbd2 f5 5. c4 c6 6. g3 Nf6 7. Bg2 Nbd7 8. Qc2
Ne4 9. O-O O-O 10. b3 a5 11. a3 g5 12. Bb2 Qf6 13. Nxe4 fxe4 14. Nd2 g4 15.
Rae1 e5 16. Nb1 exd4 17. exd4 Qf5 18. cxd5 cxd5 19. Nc3 Nf6 20. Nd1 Qd7 21. Ne3
b6 22. Rc1 Ba6 23. Rfe1 Rac8 24. Qd2 Rxc1 25. Rxc1 Rc8 26. Nxd5 Nxd5 27. Qg5+
Kf8 28. Qxd5 Rxc1+ 29. Bxc1 Qc7 30. Bh6+ Ke8 31. Bxe4 Bc8 32. Qg8+ Ke7 33. Bg5+
Kd7 34. Qf7+ 1-0

[Event "35. Potsdamer Weihnachtsturnier"]
[Site "?"]
[Date "2010.12.29"]
[Round "6.20"]
[White "Schwedek, Tony"]
[Black "Sicora, Carsten"]
[Result "0-1"]
[WhiteElo "1456"]
[BlackElo "1981"]
[PlyCount "78"]
[EventDate "2010.??.??"]
[WhiteTeam "SC Zitadelle Spandau 1977 e.V."]
[BlackTeam "ohne Verein"]

1. d4 Nf6 2. c4 g6 3. Nc3 Bg7 4. e4 d6 5. Nf3 O-O 6. Be2 e5 7. dxe5 dxe5 8.
Qxd8 Rxd8 9. Bg5 Re8 10. O-O-O Na6 11. Ne1 Be6 12. f3 h6 13. Be3 c6 14. Nc2 Bf8
15. a3 Nc5 16. b4 Ncd7 17. Bf2 Nb6 18. Ne3 a5 19. c5 axb4 20. axb4 Na4 21. Nxa4
Rxa4 22. Nc2 Rea8 23. Be1 Nd7 24. Bc3 f6 25. Kd2 b6 26. cxb6 Nxb6 27. Ra1 Bb3
28. Rxa4 Nxa4 29. Ra1 Rd8+ 30. Bd3 c5 31. bxc5 Nxc5 32. Ne1 Nxd3 33. Nxd3 Bc4
34. Rd1 Rxd3+ 35. Kc2 Rxd1 36. Kxd1 Kf7 37. g3 Bc5 38. Bd2 h5 39. f4 Bd3 0-1

[Event "35. Potsdamer Weihnachtsturnier"]
[Site "?"]
[Date "2010.12.29"]
[Round "6.21"]
[White "Petrak, Falk"]
[Black "Bieg, Pascal"]
[Result "1-0"]
[WhiteElo "1950"]
[BlackElo "1667"]
[PlyCount "73"]
[EventDate "2010.??.??"]
[WhiteTeam "Potsdamer SV Mitte e.V."]
[BlackTeam "SV Königsjäger Süd-West e.V."]

1. Nf3 c5 2. b3 d5 3. e3 Nf6 4. Bb2 e6 5. c4 Be7 6. Nc3 dxc4 7. Bxc4 O-O 8. d4
cxd4 9. Nxd4 b6 10. Qf3 Nd5 11. Nxd5 Bb7 12. Nf6+ Bxf6 13. Qxb7 Nd7 14. Nc6 Qe8
15. Bxf6 gxf6 16. Bb5 Kh8 17. Nd4 Rd8 18. Qxa7 e5 19. Nc6 Ra8 20. Qc7 Qe6 21.
Nb4 Nc5 22. Bc4 Qg4 23. Qxb6 Ne4 24. Nd3 Qxg2 25. Rf1 Rfb8 26. Qc7 Nc3 27. Qxf7
Qf3 28. Kd2 Ne4+ 29. Kc1 Qe2 30. Rd1 Rxa2 31. Rxa2 Qxa2 32. Nb2 Qa5 33. Kb1
Nc3+ 34. Kc2 Ne4 35. Na4 Qb4 36. Rd7 Rf8 37. Qxh7# 1-0

[Event "35. Potsdamer Weihnachtsturnier"]
[Site "?"]
[Date "2010.12.29"]
[Round "6.22"]
[White "Ulrich, Gert"]
[Black "Peschel, Andreas"]
[Result "0-1"]
[WhiteElo "1750"]
[BlackElo "2177"]
[PlyCount "58"]
[EventDate "2010.??.??"]
[WhiteTeam "ESV Delitzsch"]
[BlackTeam "SG Solingen e.V."]

1. d4 g6 2. c4 Bg7 3. Nf3 c5 4. d5 d6 5. e4 Bg4 6. Nc3 e6 7. h3 Bxf3 8. Qxf3
exd5 9. exd5 Qe7+ 10. Be2 Nd7 11. O-O O-O-O 12. Re1 Ngf6 13. Bd2 Rhe8 14. Rab1
Nh5 15. Na4 Bd4 16. Qa3 Qh4 17. Be3 Nf4 18. Bg4 f5 19. Bf3 Ne5 20. Bxd4 cxd4
21. c5 Nfd3 22. Rxe5 Qxf2+ 23. Kh1 Nxe5 24. cxd6 Qc2 25. Rf1 Nxf3 26. Rxf3 Qc1+
27. Kh2 f4 28. Nc5 Re1 29. d7+ Rxd7 0-1

[Event "35. Potsdamer Weihnachtsturnier"]
[Site "?"]
[Date "2010.12.29"]
[Round "6.23"]
[White "Bachran, Boris"]
[Black "Bielick, Jakob"]
[Result "1-0"]
[WhiteElo "1944"]
[BlackElo "1700"]
[PlyCount "95"]
[EventDate "2010.??.??"]
[WhiteTeam "SG Lok Brandenburg, Abt. Schach"]
[BlackTeam "USV Potsdam e.V., Abt. Schach"]

1. d4 Nf6 2. Nf3 d5 3. Bf4 Bf5 4. e3 e6 5. Bd3 Ne4 6. O-O g5 7. Be5 f6 8. Bg3
h5 9. h3 h4 10. Bh2 g4 11. hxg4 Bxg4 12. Be2 Bd6 13. Bxd6 Qxd6 14. Nh2 Bf5 15.
Nd2 Rg8 16. Nxe4 dxe4 17. Qe1 Bh3 18. Bh5+ Kd7 19. f4 Bxg2 20. Ng4 Bf3 21. Rxf3
exf3 22. Kh2 Qe7 23. Qxh4 Rf8 24. Rd1 Kc8 25. c3 Qg7 26. Qh3 Rh8 27. Rg1 f5 28.
Ne5 Qh7 29. Nxf3 Nd7 30. Rg6 c6 31. Kg2 Qxh5 32. Qxh5 Rxh5 33. Rg8+ Kc7 34.
Rxa8 Kb6 35. Re8 Rh6 36. Ng5 e5 37. dxe5 Nc5 38. Rd8 Na4 39. Rd1 Kc7 40. Rd2
Nc5 41. b3 Rg6 42. Kf1 Nd7 43. Rh2 Nxe5 44. fxe5 Rxg5 45. Rh7+ Kc8 46. e6 Rg6
47. Rh8+ Kc7 48. e7 1-0

[Event "35. Potsdamer Weihnachtsturnier"]
[Site "?"]
[Date "2010.12.29"]
[Round "6.24"]
[White "Lange, Werner"]
[Black "Reich, Christian"]
[Result "1/2-1/2"]
[WhiteElo "1930"]
[BlackElo "1590"]
[PlyCount "80"]
[EventDate "2010.??.??"]
[WhiteTeam "SSV Rotation Berlin e.V."]
[BlackTeam "SC Straubing"]

1. e4 c5 2. Nf3 Nc6 3. d4 cxd4 4. c3 d5 5. exd5 Qxd5 6. cxd4 Bg4 7. Be2 e6 8.
Nc3 Bb4 9. O-O Qd7 10. Be3 Nf6 11. a3 Ba5 12. b4 Bb6 13. Ne5 Nxe5 14. dxe5 Qxd1
15. Bxd1 Bxd1 16. Bxb6 axb6 17. exf6 Ba4 18. Nxa4 Rxa4 19. fxg7 Rg8 20. f4 Rxg7
21. f5 Kd7 22. Rad1+ Kc7 23. fxe6 fxe6 24. Rf3 b5 25. Rc3+ Kb8 26. Rd6 Re7 27.
Rb6 e5 28. Rxb5 e4 29. Kf2 Ra6 30. Ke3 Rh6 31. h3 Rd6 32. Rg5 Rd1 33. Rg4 Re1+
34. Kf2 Ra1 35. Re3 Ra2+ 36. Kg3 h5 37. Rg5 Rd2 38. Kh4 Rd3 39. Rgg3 Rd5 40.
Rc3 Rf7 1/2-1/2

[Event "35. Potsdamer Weihnachtsturnier"]
[Site "?"]
[Date "2010.12.29"]
[Round "6.25"]
[White "Werthmann, Nils"]
[Black "Petrykowski, Reinhardt"]
[Result "1/2-1/2"]
[WhiteElo "1746"]
[BlackElo "1913"]
[PlyCount "26"]
[EventDate "2010.??.??"]
[WhiteTeam "USV Potsdam e.V., Abt. Schach"]
[BlackTeam "SC Caissa Falkensee e.V."]

1. Nf3 d5 2. c4 e6 3. e3 Nf6 4. Nc3 Nbd7 5. Qc2 b6 6. cxd5 exd5 7. d4 Bb7 8.
Bd3 Be7 9. O-O O-O 10. Bd2 c5 11. Rac1 a6 12. Ne2 Rc8 13. Qb1 Ne4 1/2-1/2

[Event "35. Potsdamer Weihnachtsturnier"]
[Site "?"]
[Date "2010.12.29"]
[Round "6.26"]
[White "Boettcher, Frank"]
[Black "Calamar, George"]
[Result "1-0"]
[WhiteElo "1912"]
[BlackElo "1489"]
[PlyCount "59"]
[EventDate "2010.??.??"]
[WhiteTeam "USV Potsdam e.V., Abt. Schach"]
[BlackTeam "ohne Verein"]

1. d4 g6 2. c4 Bg7 3. e4 Nc6 4. Nf3 e5 5. d5 Nd4 6. Be3 c5 7. Nc3 d6 8. h3 Ne7
9. g4 f5 10. gxf5 gxf5 11. Rg1 Ng6 12. Ng5 Nh4 13. Qh5+ Ng6 14. O-O-O f4 15.
Nxh7 Qe7 16. Qxg6+ Kd8 17. Qxg7 Rxh7 18. Qg8+ Kc7 19. Bxd4 exd4 20. Nb5+ Kb6
21. Bd3 Rxh3 22. Rg7 Qh4 23. Qf7 Qxf2 24. Qc7+ Ka6 25. Qxd6+ b6 26. Nc7+ Ka5
27. Qc6 a6 28. Bc2 b5 29. Qxc5 Rh2 30. b4# 1-0